• 首页
  • 本馆介绍
  • 公告通知
  • 最新文献
  • 馆藏检索
  • 电子资源
  • 读者导购
  • 参考咨询
  • 我的图书馆
  • 登录
  • 详细信息显示
  • 放入我的书架
  • 预约/预借图书
  • 作者相关作品
  • 分类相关作品
  • 丛书相关作品
  • 出版社相关作品

书目信息

  • 表格格式
  • 工作单格式
  • 卡片格式
题名:
财金风险管理
    
 
作者: 刘威汉 编著
分册:  
出版信息: 北京   中国人民大学出版社  2005
页数: 394页
开本: 23cm
丛书名: 台湾经典著作. 现代金融市场系列
单 册:
中图分类: F830.2
科图分类:
主题词: 金融 , 金融--风险管理
电子资源:
ISBN: 7-300-06918-5
000 01266nam0 2200301 450
000 01281nam0 2200301 450
000 01212nam0 2200277 450
000 01176oam2 2200265 45
005 20070725115610.20
010    @a7-300-06918-5@dCNY39.00
100    @a20070627d2005 em y0chiy0120 ea
101 0  @achi
102    @aCN@b110000
105    @ay z 000yy
200 1  @a财金风险管理@ACai Jin Feng Xian Guan Li@e理论、应用与发展趋势@ELi Lun、 Ying Yong Yu Fa Zhan Qu Shi@dRisk management in financial and banking industries : theories, application, and trends@f刘威汉编著 @FLiu Wei Han Bian Zhu
210    @a北京@c中国人民大学出版社@d2005
215    @a394页@d23cm
225 2  @a台湾经典著作. 现代金融市场系列
305    @a智胜文化事业有限公司(Taiwan)授权出版
330    @a本书尝试以新版巴塞尔协议为架构,分别就信用、利率、营运、衍生性金融商品,以及资产与负债之管理等主要领域,分析、论述财金风险管理各相关议题。
410  0 @12001 @a台湾经典著作. 现代金融市场系列
510 1  @aRisk management in financial and banking industries : theories, application, and trends@zeng
606 0  @a金融
606 0  @a金融@x风险管理
690    @aF830.2@v4
701  0 @a刘威汉@ALiu Wei Han@4编著
801  0 @aCN@bTAOJIN@c20070725
905    @a10447@dF830.2@e106
    
    财金风险管理:理论、应用与发展趋势=Risk management in financial and banking industries : theories, application, and trends/刘威汉编著 .-北京:中国人民大学出版社,2005
    394页;23cm.-(台湾经典著作. 现代金融市场系列 )
    
    
    ISBN 7-300-06918-5:CNY39.00
    本书尝试以新版巴塞尔协议为架构,分别就信用、利率、营运、衍生性金融商品,以及资产与负债之管理等主要领域,分析、论述财金风险管理各相关议题。
●
相关链接 在E读中查询图书 在五车中查询图书 在当当中查询图书 在豆瓣中查询图书


正题名:财金风险管理     索取号:F830.2/106         预约/预借

序号 登录号 条形码 馆藏地/架位号 状态 备注
1 0825208   208252086   第一样本阅览室/ [索取号:F830.2/106] 在馆    
2 0825209   208252095   第一借阅区/ [索取号:F830.2/106] 在馆    
3 0825210   208252102   密集书库/ [索取号:F830.2/106] 在馆    
4 0825211   208252111   密集书库/ [索取号:F830.2/106] 在馆    
5 0825212   208252120   密集书库/ [索取号:F830.2/106] 在馆    
6 0825213   208252139   第一借阅区/ [索取号:F830.2/106] 在馆    
7 0825214   208252148   第一借阅区/ [索取号:F830.2/106] 在馆    
8 0825215   208252157   第一借阅区/ [索取号:F830.2/106] 在馆    
唐山师范学院图书馆 欢迎您!
大连网信软件有限公司© 版权所有